Lexical phrases and language teaching James R. Nattinger, Jeanette S. DeCarrico

Saved in:
Bibliographic Details
Main Author: Nattinger, James R.
Other Authors: DeCarrico, Jeanette S.
Format: Book
Language:English
Published: Oxford Oxford University Press 2014
Series:Oxford applied linguistics
Subjects:
Tags: Add Tag
No Tags, Be the first to tag this record!

MARC

LEADER 00000nam a2200000 4500
001 0189972
005 20230109114630.7
020 |a 978-0-19-437164-3 
041 0 |a eng 
044 |a GB 
245 1 0 |a Lexical phrases and language teaching  |b James R. Nattinger, Jeanette S. DeCarrico 
264 1 |a Oxford  |b Oxford University Press  |c 2014 
300 |a 218 s. 
490 1 |a Oxford applied linguistics 
830 0 |a Oxford applied linguistics 
610 2 0 |a vyučovanie 
610 2 0 |a vzdelávanie 
610 2 0 |a jazykoveda 
610 2 0 |a terminológia 
610 2 0 |a pedagogika 
100 1 |a Nattinger, James R. 
700 1 |a DeCarrico, Jeanette S.